logo

New trends in contemporary international and trasnational terrorism as manifested in the Al-Qaeda movement (Record no. 16330)

MARC details
000 -CABECERA
campo de control de longitud fija 00722nam a22001937a 4500
003 - IDENTIFICADOR DEL NÚMERO DE CONTROL
campo de control ES-MaBCA
005 - FECHA Y HORA DE LA ÚLTIMA TRANSACCIÓN
campo de control 20150520133908.0
008 - CÓDIGOS DE INFORMACIÓN DE LONGITUD FIJA
campo de control de longitud fija 130520b xxu||||| |||| 00| 0 eng d
040 ## - FUENTE DE LA CATALOGACIÓN
Centro transcriptor ES-MaBCA
100 ## - PUNTO DE ACCESO PRINCIPAL - NOMBRE DE PERSONA
9 (RLIN) 13267
Nombre de persona Bester, Francina
245 ## - MENCIÓN DE TÍTULO
Título New trends in contemporary international and trasnational terrorism as manifested in the Al-Qaeda movement
Medio [Recurso electrónico] PDF
260 ## - PUBLICACIÓN, DISTRIBUCIÓN, ETC. (PIE DE IMPRENTA)
Nombre del editor distribuidor etc. University of Pretoria
Fecha de publicación distribución etc. April 2007
300 ## - DESCRIPCIÓN FÍSICA
Extensión Recurso online, 120 p.
610 #0 - PUNTO DE ACCESO ADICIONAL DE MATERIA--NOMBRE DE ENTIDAD CORPORATIVA
9 (RLIN) 1729
Nombre de entidad corporativa o nombre de jurisdicción como elemento inicial Al Qaeda
650 #0 - PUNTO DE ACCESO ADICIONAL DE MATERIA--TÉRMINO DE MATERIA
9 (RLIN) 1183
Término de materia o nombre geográfico como elemento inicial Prospectiva
650 #0 - PUNTO DE ACCESO ADICIONAL DE MATERIA--TÉRMINO DE MATERIA
9 (RLIN) 1745
Término de materia o nombre geográfico como elemento inicial Terrorismo internacional
856 4# - LOCALIZACIÓN Y ACCESO ELECTRÓNICOS
Identificador Uniforme del Recurso (URI) <a href="http://repository.up.ac.za/xmlui/bitstream/handle/2263/23925/dissertation.pdf?sequence=1&isAllowed=y">http://repository.up.ac.za/xmlui/bitstream/handle/2263/23925/dissertation.pdf?sequence=1&isAllowed=y</a>
Tipo de formato electrónico PDF
942 ## - ELEMENTOS DE PUNTO DE ACCESO ADICIONAL (KOHA)
Fuente del sistema de clasificación o colocación Universal Decimal Classification
Tipo de ítem Koha Monografías
Holdings
Estado de retiro Estado de pérdida Fuente del sistema de clasificación o colocación Estado dañado No para préstamo Código de colección Localización permanente Ubicación/localización actual Fecha de adquisición Total de préstamos Código de barras Fecha visto por última vez Precio válido a partir de Tipo de ítem Koha
    Universal Decimal Classification     Biblioteca Digital Centro de Análisis y Prospectiva de la Guardia Civil Centro de Análisis y Prospectiva de la Guardia Civil 20/05/2015   2014511 20/05/2015 20/05/2015 Monografías